Làm việc bằng trí tuệ: 5 yếu tố cần thiết để có được tinh thần của một nhà vô địch = Performance intelligence at work

Gardado en:
Detalles Bibliográficos
Autor Principal: Bell, Julie
Formato: Libro
Idioma:Undetermined
Publicado: TP. Hồ Chí Minh Tổng Hợp TP. Hồ Chí Minh 2009
Những chủ đề:
Các nhãn: Engadir etiqueta
Sen Etiquetas, Sexa o primeiro en etiquetar este rexistro!
Thư viện lưu trữ: Trung tâm Học liệu Trường Đại học Cần Thơ
LEADER 00781nam a2200205Ia 4500
001 CTU_186164
008 210402s9999 xx 000 0 und d
020 |c 40000 
082 |a 153.8 
082 |b B433 
100 |a Bell, Julie 
245 0 |a Làm việc bằng trí tuệ: 5 yếu tố cần thiết để có được tinh thần của một nhà vô địch = 
245 0 |b Performance intelligence at work 
245 0 |c Julie Bell, Robin Pou ; Hoàng Sơn, Thanh Ly (dịch) 
260 |a TP. Hồ Chí Minh 
260 |b Tổng Hợp TP. Hồ Chí Minh 
260 |c 2009 
650 |a Self-control,Employee motivation,Kiểm soát bản thân 
904 |i Nhựt 
980 |a Trung tâm Học liệu Trường Đại học Cần Thơ